| Tag |
First Indicator |
Second Indicator |
Subfields |
| LEADER |
00000cam a2200000 i 4500 |
| 001 |
in00000079434 |
| 005 |
20151008052844.0 |
| 008 |
800110s1980 mou b 00000 eng |
| 010 |
|
|
|a 79124237
|z 73081060
|
| 020 |
|
|
|a 0882731998 :
|c $5.95
|
| 035 |
|
|
|a (OCoLC)05944199
|
| 035 |
|
|
|9 AAH5194AM
|
| 040 |
|
|
|a DLC
|c DLC
|d TXA
|d UtOrBLW
|
| 043 |
|
|
|a e------
|
| 049 |
|
|
|a TXAM
|c [981119]
|
| 050 |
0 |
0 |
|a D424
|b .T83
|
| 082 |
0 |
|
|a 940.5
|
| 245 |
0 |
0 |
|a Twentieth century Europe /
|c edited with an introd. by Eugen Weber ; [cover design by Jerry Moore and Janet Moody].
|
| 264 |
|
1 |
|a St. Louis, Mo. :
|b Forum Press,
|c [1980]
|
| 264 |
|
4 |
|c ©1980
|
| 300 |
|
|
|a 117 pages in various pagings ;
|c 28 cm.
|
| 336 |
|
|
|a text
|b txt
|2 rdacontent
|
| 337 |
|
|
|a unmediated
|b n
|2 rdamedia
|
| 338 |
|
|
|a volume
|b nc
|2 rdacarrier
|
| 490 |
1 |
|
|a Forum series in European history
|
| 504 |
|
|
|a Includes bibliographical references.
|
| 651 |
|
0 |
|a Europe
|x History
|y 20th century.
|
| 700 |
1 |
|
|a Weber, Eugen,
|d 1925-2007.
|
| 830 |
|
0 |
|a Forum series in European history.
|
| 999 |
|
|
|a MARS
|
| 999 |
f |
f |
|s fa1d34a7-ab86-3a28-8843-6e2acd0d8200
|i eeeb5c86-f714-37c2-94d2-f4d5882eafc1
|t 0
|
| 952 |
f |
f |
|p ric
|a Texas A&M University
|b Rellis Campus
|c Joint Library Facility
|d Remote Storage
|t 0
|e D424 .T83
|h Library of Congress classification
|i unmediated -- volume
|m A14801880256
|
| 998 |
f |
f |
|a D424 .T83
|t 0
|l Remote Storage
|